000 00549nam a2200145 a 4500
008 151202s2001 ||||||||||||||||| || u
020 _a9780471283492
050 _aHF 5635 Jia
100 _aJiambalvo, James
245 1 0 _aManagerial accounting: solutions manual
_cBy James Jiambalvo
260 _aNew York
_bJohn Wiley and Sons
_c2001
350 _a0.03
650 0 _aMANAGERIAL ACCOUNTING
995 _FCBU-MAIN LIBRARY (Kitwe)
_I0.03
_UAVAILABLE
_WDec 2, 2015
_ZMain Library Open Access Collection
999 _c50056
_d50056